[Event "Mittelfranken-chTB1 1213"]
[Site "Germany"]
[Date "2013.03.10"]
[Round "8.7"]
[White "Adler, Herbert"]
[Black "Tschernischew, Boris"]
[Result "1-0"]
[WhiteElo "1923"]
[BlackElo "1455"]
[PlyCount "43"]
[EventDate "2012.10.07"]
[EventType "team-tourn"]
[EventRounds "9"]
[EventCountry "GER"]
[SourceTitle "EXT 2019"]
[Source "ChessBase"]
[SourceDate "2018.10.10"]
[SourceVersion "1"]
[SourceVersionDate "2018.10.10"]
[SourceQuality "1"]
[WhiteTeam "Buechenbach/Roth"]
[BlackTeam "Fuerth SZ"]
[WhiteTeamCountry "GER"]
[BlackTeamCountry "GER"]

1. d4 Nf6 2. Nf3 d5 3. g3 Bf5 4. Bg2 h6 5. 0-0 e6 6. c4 c5 7. Qb3 dxc4 8. Qxb7 Be4 9. Qb5+ Nbd7 10. Qxc4 Bd5 11. Qa4 Bd6 12. dxc5 Bxc5 13. Nc3 0-0 14. Nxd5 exd5 15. Nd4 Ng4 16. e3 Ngf6 17. Bd2 Ne4 18. Rfd1 f5 19. Ne6 Qf6 20. Qxd7 Rf7 21. Qxd5 Bb6 22. Qxa8+ 1-0

[Event "Regionalliga NO 1112"]
[Site "Bayern"]
[Date "2012.03.18"]
[Round "8.8"]
[White "Eichinger, Christoph"]
[Black "Tschernischew, Boris"]
[Result "1-0"]
[WhiteElo "1987"]
[BlackElo "1514"]
[PlyCount "61"]
[EventDate "2011.10.02"]
[EventType "team-tourn"]
[EventRounds "9"]
[EventCountry "GER"]
[SourceTitle "EXT 2015"]
[Source "ChessBase"]
[SourceDate "2014.11.20"]
[SourceVersion "1"]
[SourceVersionDate "2014.11.20"]
[SourceQuality "1"]
[WhiteTeam "Kareth Lappersdorf"]
[BlackTeam "Fuerth"]
[WhiteTeamCountry "GER"]
[BlackTeamCountry "GER"]

1. e4 e5 2. Bc4 Bc5 3. Nf3 d6 4. c3 Nc6 5. d4 exd4 6. cxd4 Bb6 7. h3 h6 8. Nc3 Nge7 9. 0-0 g5 10. Be3 g4 11. Nh4 h5 12. g3 f5 13. Bg5 fxe4 14. Nxe4 Bxd4 15. Ng6 d5 16. Nf6+ Bxf6 17. Bxf6 Rh6 18. Bd3 Be6 19. Qd2 Rh7 20. Nxe7 Rxe7 21. Rfe1 Kd7 22. Bb5 a6 23. Bxc6+ bxc6 24. Rac1 Qf8 25. Qc3 Ke8 26. Qxc6+ Kf7 27. Bxe7 Qxe7 28. Qxa8 Qd6 29. Qc6 gxh3 30. Qxc7+ Qxc7 31. Rxc7+ 1-0